00322nam a2200097Ia 4500245001900000100004300019942000700062008004100069999001900110952009500129 0aIn die visier  a SMITH. Bets Pretoria. 2002 912588 cBK210817s9999 xx 000 0 und d c353674d353673 00104070aERMELLbERMELLd2021-08-20g150.00p33228011906425r2021-08-20w2021-08-20yBK